Goner ​- Twenty Øne Piløts - All Lyrics - Statistics

General Stats
  • This quiz has been taken 144 times
  • The average score is 189 of 217
Answer Stats
Answer % Correct
a
100%
gone
100%
goner,
100%
I
100%
I'm
100%
I’m
100%
my
100%
somebody
100%
be
99%
be!
99%
breath
99%
catch
99%
you
99%
by
95%
known
95%
wanna
95%
me
92%
the
92%
The
92%
let
88%
and
84%
Don't
84%
Don’t
84%
down
84%
is
82%
out,
82%
out
82%
to
82%
your
82%
Ah,
81%
yeah!
81%
close
79%
inside
79%
of
79%
away
78%
you're
78%
beaten
77%
I’ll
77%
weak
77%
ghost
75%
Though
75%
underneath
75%
sound
74%
into
70%
slip
68%
not
64%
I've
63%
I’ve
63%
need
63%
take
62%
got
60%
help
60%
one
60%
him
58%
Blurry's
56%
faces,
56%
two
55%
No matching quizzes found
Score Distribution
Percent of People with Each Score
Percentile by Number Answered
Your Score History
You have not taken this quiz